000 00583nam a2200229Ia 4500
003 OSt
005 20221005114011.0
006 a|||||r|||| 00| 0
007 ta
008 221004b |||||||| |||| 00| 0 kan d
024 _a61870
037 _cTextual
040 _aCRL
_cCRL
_bkan
041 _2kan
_akan
082 _aY:1.73.N5, 33K2
100 _aHarkness Au.
_9625298
245 0 _aAmerica sanskuutiya itihasika ruprekhe
260 _c1962
650 _aSOCIOLOGY
942 _hY:1.73.N5, 33K2
_cTEXL
_2cc
999 _c1029982
_d1029982